Интеграция науки и образования в рамках ФЦП "Кадры" - основа магистерской подготовки в национальном исследовательском университете; Уровневая подготовка специалистов: государственные и международные стандарты инженерного образования

Bibliographic Details
Parent link:Уровневая подготовка специалистов: государственные и международные стандарты инженерного образования.— 2012.— [С. 54-55]
Main Author: Зенин Б. С. Борис Сергеевич
Other Authors: Овечкин Б. Б. Борис Борисович
Summary:Заглавие с экрана
Language:Russian
Published: 2012
Series:Магистерская подготовка: единство научного и образовательного процессов
Subjects:
Online Access:http://www.lib.tpu.ru/fulltext/c/2012/C09/017.pdf
Format: Electronic Book Chapter
KOHA link:https://koha.lib.tpu.ru/cgi-bin/koha/opac-detail.pl?biblionumber=230795

MARC

LEADER 00000nla2a2200000 4500
001 230795
005 20231031202609.0
035 |a (RuTPU)RU\TPU\book\251758 
035 |a RU\TPU\book\251745 
090 |a 230795 
100 |a 20130125d2012 k y0rusy50 ca 
101 0 |a rus 
102 |a RU 
105 |a y z 101zy 
181 0 |a i  
182 0 |a b 
200 1 |a Интеграция науки и образования в рамках ФЦП "Кадры" - основа магистерской подготовки в национальном исследовательском университете  |b Электронный ресурс  |f Б. С. Зенин, Б. Б. Овечкин 
203 |a Текст  |c электронный 
225 1 |a Магистерская подготовка: единство научного и образовательного процессов 
230 |a 1 компьютерный файл (pdf; 457 Кб) 
300 |a Заглавие с экрана 
320 |a [Библиогр.: с. 55 (1 назв.)] 
337 |a Adobe Reader 
463 1 |0 (RuTPU)RU\TPU\book\240708  |t Уровневая подготовка специалистов: государственные и международные стандарты инженерного образования  |o сборник трудов научно-методической конференции, 3-6 апреля 2012 г.  |f Национальный исследовательский Томский политехнический университет (ТПУ)  |v [С. 54-55]  |d 2012 
610 1 |a труды учёных ТПУ 
610 1 |a электронный ресурс 
610 1 |a интеграция 
610 1 |a наука 
610 1 |a образование 
610 1 |a магистерская подготовка 
700 1 |a Зенин  |b Б. С.  |c специалист в области материаловедения  |c доцент Томского политехнического университета, кандидат физико-математических наук  |f 1942-  |g Борис Сергеевич  |2 stltpush  |3 (RuTPU)RU\TPU\pers\29010 
701 1 |a Овечкин  |b Б. Б.  |c российский специалист в области материаловедения  |c доцент Томского политехнического университета, кандидат технических наук  |f 1959-  |g Борис Борисович  |2 stltpush  |3 (RuTPU)RU\TPU\pers\25471 
801 2 |a RU  |b 63413507  |c 20130201  |g RCR 
856 4 |u http://www.lib.tpu.ru/fulltext/c/2012/C09/017.pdf 
942 |c CF